Memoria /

Сохранить в:
Библиографические подробности
Главный автор: Hernández R, Oscar E.
Другие авторы: ed.
Формат: Текст
Опубликовано: San José: UCR
Предметы:
Метки: Добавить метку
Нет меток, Требуется 1-ая метка записи!

MARC

LEADER 00000 a a2200000 04500
001 29112
003
040
090 |a 190707  
100 |a Hernández R, Oscar E.  
245 |a Memoria /  |c Oscar E. Hernández R.  
260 |a San José:   |b UCR  
300 |a 182 p.  
650 |a POBLACION EN EDAD ESCOLAR  
650 |a EDUCACION  
650 |a DISTRIBUCION POR EDAD  
650 |a VIVIENDA  
700 |a ed.  
999 |c 11007  |d 11007